| 000 | 00741nam a22002297a 4500 | ||
|---|---|---|---|
| 999 |
_c1616 _d1616 |
||
| 001 | 13057 | ||
| 003 | BD-DhUAP | ||
| 005 | 20200211095412.0 | ||
| 008 | 200211s2008 bg ||||| |||| 00| 0 eng d | ||
| 020 | _a984300008603 | ||
| 040 |
_aBD-DhUAP _bEng _cBD-DhUAP _dBD-DhUAP |
||
| 082 |
_223 _a347.549206 HAL |
||
| 100 | _aHalim, Md. Abdul. | ||
| 245 |
_aThe law of evidence : _btheory and practice / _cMd. Abdul Halim |
||
| 260 |
_aDhaka : _bCCB foundation, _cc2008. |
||
| 300 |
_a271 pages ; _c24 cm. |
||
| 500 | _aAn interpretative, comparative and critical analysis of the evidence act, 1872. | ||
| 504 | _aInclude bibliographical references and index. | ||
| 650 |
_aEvidence Act _zBangladesh. |
||
| 650 | _aEvidence (Law). | ||
| 942 |
_2ddc _cBK |
||